Statistics for The Quizmaster Quiz!

Click here to take the quiz!

General Stats

  • This quiz has been taken 26 times
  • The average score is 3 of 10

Answer Stats

QuestionAnswer% Correct
What website did the Quizmaster make?Jetpunk
90%
When you donate to Jetpunk, what does it go towards?Tree
52%
And how many states in the United States?44
43%
What's his real first name?Dan
43%
How many badges does he have?15
33%
How many countries has Quizmaster visited?24
29%
Where does Quizmaster live?Seattle
29%
How many quizzes has Quizmaster made?4,500
10%
How many times has Quizmaster's quizzes been taken? (round to nearest million)212,000,000
5%
Name one of his favourite sci-fi books.Ready Player One
5%

Score Distribution

Percentile by Number Answered

Percent of People with Each Score

Your Score History

You have not taken this quiz